New Jewellery Techniques: Curved Scoring and Folding for Metalwork and Silversmithing (Record no. 370234)
[ view plain ]
| 000 -LEADER | |
|---|---|
| fixed length control field | 02568nam a2200205 4500 |
| 005 - DATE AND TIME OF LATEST TRANSACTION | |
| control field | 20260204140649.0 |
| 008 - FIXED-LENGTH DATA ELEMENTS--GENERAL INFORMATION | |
| fixed length control field | 260129b |||||||| |||| 00| 0 eng d |
| 020 ## - INTERNATIONAL STANDARD BOOK NUMBER | |
| International Standard Book Number | 9788417656744 |
| 041 ## - LANGUAGE CODE | |
| Language code of text/sound track or separate title | English |
| 082 ## - DEWEY DECIMAL CLASSIFICATION NUMBER | |
| Classification number | 745.5 |
| Item number | YOU |
| 100 ## - MAIN ENTRY--PERSONAL NAME | |
| Author | Young Anastasia |
| 245 ## - TITLE STATEMENT | |
| Title | New Jewellery Techniques: Curved Scoring and Folding for Metalwork and Silversmithing |
| 260 ## - PUBLICATION, DISTRIBUTION, ETC. | |
| Place of publication, distribution, etc. | Spain |
| Name of publisher, distributor, etc. | Hoaki |
| Date of publication, distribution, etc. | 2024 |
| 300 ## - PHYSICAL DESCRIPTION | |
| Extent | 168 |
| 365 ## - TRADE PRICE | |
| Price amount | 2281.03 |
| Currency code | Rs.00 |
| 520 ## - SUMMARY, ETC. | |
| Summary, etc. | PART ONE INTRODUCTION<br/>• A Brief History of Scoring and Folding<br/>• Contemporary Influences<br/>• Philosophy and Applications<br/>PART TWO DIRECTORY OF TOOLS AND MATERIALS<br/>• Base and Ferrous Metals<br/>• Precious Metals<br/>• Tools for Scoring<br/>• Forming Tools<br/>• Tools for Cutting and Measuring<br/>• Heating Tools and Equipment<br/>• Other Resources<br/>• Workshop Facilities<br/>• Health and Safety in the Workshop<br/>DIRECTORY OF TECHNIQUES<br/>PRINCIPLES OF SCORING<br/>• Annealing Metal<br/>• Preparing the Wire for Scoring<br/>• Shaping Score Wire<br/>• Overview of Scoring Techniques<br/>• Rolling Mill Scores<br/>• Scoring with a Hammer and Block<br/>• Scoring with a Planishing Press<br/>• Scoring with a Vice and Blocks<br/>• Scoring with a Fly Press Traditional Scoring Techniques<br/>• Curved Scoring with Traditional Tools<br/>• Alternative Scoring Techniques<br/>SINGLE-SIDED SCORES<br/>• Squares and Rectangles.<br/>• Single Curved-Score Fold<br/>• Squares and Rectangles<br/>• Double Curved-Score Fold<br/>• Circles and Ovals<br/>• Scores in Linear Forms<br/>• The Golden Spiral<br/>• Circles with Cut-Outs<br/>• Linear Spiral<br/>DOUBLE-SIDED SCORES<br/>• Linear Scores<br/>• Linear Scores: Variations<br/>• Radial Scores<br/>• Cut-Outs<br/>• Partial Scores<br/>PROJECTS<br/>• Project One: Navette Brooch<br/>• Project Two: Triangular Dish<br/>• Project Three: Fortune Cookie Pendant<br/>COMBINING TECHNIQUES<br/>• Textures<br/>• Saw Piercing<br/>• Curved Surfaces<br/>• Curved Surfaces: Metalsmithing<br/>• Finishing Techniques<br/>• Colouring and Patination<br/>• Riveting<br/>• Soldering<br/>• Troubleshooting<br/>PART THREE DESIGN<br/>• Introduction to Design<br/>• Geometric Shapes<br/>• Radial Scores: Variations<br/>• Biomorphism<br/>• Technical Exploration and Design<br/>• Modelmaking<br/>• Prototypes<br/>• Record Keeping<br/>• Practical Considerations for Design<br/>REFERENCE<br/>1. Wire and Sheet Comparisons for Scoring<br/>2. Circle Dividers<br/>3. Radial Grid Template<br/>4. Square Grid Template<br/>5. Geometric Shapes<br/>6. Key to Template Diagrams<br/>7. Conversion tables<br/> |
| 650 ## - SUBJECT ADDED ENTRY--TOPICAL TERM | |
| Topical term or geographic name entry element | Jewellery |
| 700 ## - ADDED ENTRY--PERSONAL NAME | |
| Personal name | Wells Paul |
| 942 ## - ADDED ENTRY ELEMENTS (KOHA) | |
| Koha item type | Books |
| Withdrawn status | Lost status | Source of classification or shelving scheme | Damaged status | Not for loan | Home library | Current library | Date acquired | Vendor | Net Price | Bill number | Total Checkouts | Full call number | Barcode | Date last seen | Discount | Actual Price | Bill Date | Koha item type |
|---|---|---|---|---|---|---|---|---|---|---|---|---|---|---|---|---|---|---|
| Dewey Decimal Classification | School of Fashion Technology | School of Fashion Technology | 27/01/2026 | Design Book Studio | 2281.03 | 281 | 745.5 YOU | SOFT-BK-4899 | 29/01/2026 | 33% | 3404.52 | 12/12/2025 | Books |